00548nam a2200181Ia 450000500170000000800410001702000150005808200130007310000140008624500570010026000550015730000130021265000080022565000170023394200060025095200950025699900150035120240924034647.0240331s9999 xx 000 0 und d a0563122447 bBERa710 aBerger, J 0aWays of seeing :bbased on the BBC television series aLondonbThe British Broadcasting Corporationc1972 a166 p ., aArt aArchitecture cL 001040708LaWERCLbWERCLcSSCd2024-03-31l0o 710 BERp3574r2024-03-31w2024-03-31yL c3086d3086